Historia universal Asimov : el imperio romano /

Guardado en:
書目詳細資料
主要作者: Asimov, Isaac (autor)
格式: 圖書
語言:西班牙语
出版: Madrid, España : Alianza, 1983, c1983
叢編:(El Libro de Bolsillo ; Humanidades) 844.
主題:
標簽: 添加標簽
沒有標簽, 成為第一個標記此記錄!

MARC

LEADER 00000nam^a2200000^a^4500
001 000350456
005 20250521000000.0
009 20260310114942.395
020 |a 968-6001-14-X 
020 |a 968-6001-08-5 
037 |a Acervo Xavier Clavigero 
041 |a ESP 
082 |a 909.  |b ASI V. 6 
100 |a Asimov, Isaac  |e (autor) 
240 1 1 |a [Historia universal Asimov] 
245 1 0 |a Historia universal Asimov :  |b el imperio romano /  |c I. Asimov ; tr. por Néstor A. Míguez. 
264 4 |a Madrid, España :  |b Alianza,  |c 1983, c1983 
300 |a 269 p. 
336 |a texto  |b txt  |2 rdacontenido 
337 |a sin mediación  |b n  |2 rdamedio 
338 |a volumen  |b nc  |2 rdasoporte 
440 4 |a (El Libro de Bolsillo ;  |v 844.  |p Humanidades) 
500 |a Traducción de: The Roman Empire 
649 |a XX 
650 |a Roma -  |x Historia -  |y Imperio, 31 a.C.-476 d.C. 
650 |a Historia Antigua 
650 |a Historia Universal 
910 |a Fondo General 
920 |a Impresos - Libros 
930 |a Colección General 
905 |a 101 
901 |a 0500240806  |b IT1  |c ACC  |i FXC D1609  |u 20250521 
902 |a https://opac.biblio.iteso.mx/vufind/Record/000350456